|
|
|
|
| LEADER |
00000cam a2200000 7i4500 |
| 001 |
0000008282 |
| 005 |
20161123.0 |
| 040 |
|
|
|a INS
|
| 090 |
0 |
0 |
|a KF5934.83.E7
|b A98 1974
|
| 100 |
1 |
|
|a Awther Singh
|
| 245 |
0 |
0 |
|a Estate duty :
|b executor and benkruptay in Singapore, malaysia
|c Awther Singh
|
| 260 |
|
|
|a Singapore :
|b Law Book Company of Singapore ,
|c 1974
|
| 650 |
0 |
0 |
|a Bankruptay
|z Malaysia
|
| 650 |
0 |
0 |
|a Bankruptay
|z Singapore
|
| 650 |
0 |
0 |
|a Executors and administrators
|z mALAYSIA
|
| 650 |
0 |
0 |
|a Executors and administrators
|z Singapore
|
| 650 |
0 |
0 |
|a Inherritance and transfer tax
|x law and legislation
|z Malaysia
|
| 650 |
0 |
0 |
|a Inherritance and transfer tax
|x law and legislation
|z Singapore
|
| 999 |
|
|
|a 0000022426
|b BOOK
|c Open Shelf
|e Default branch
|